Stringfellow v Blyth (Record no. 71625)
[ view plain ]
| 000 -LEADER | |
|---|---|
| fixed length control field | 00675cam a2200193 4500 |
| 001 - CONTROL NUMBER | |
| control field | X120557 |
| 008 - FIXED-LENGTH DATA ELEMENTS--GENERAL INFORMATION | |
| fixed length control field | 021125n2002 000 0 eng u |
| 035 ## - SYSTEM CONTROL NUMBER | |
| System control number | (Sirsi) u120557 |
| 245 ## - TITLE STATEMENT | |
| Title | Stringfellow v Blyth |
| 260 ## - PUBLICATION, DISTRIBUTION, ETC. | |
| Date of publication, distribution, etc. | 2002 |
| 490 ## - SERIES STATEMENT | |
| Series statement | Construction Law Reports |
| Volume/sequential designation | [2002] 83 Con LR 124-131(8) |
| 490 ## - SERIES STATEMENT | |
| Series statement | Court of Appeal (Civil Division) |
| Volume/sequential designation | [2001 EWCA Civ 1006 |
| 520 ## - SUMMARY, ETC. | |
| Summary, etc. | CA 18 June 2001. Building contract claim and counterclaim. Effect of judge disregarding experts' report [Taken from journalheadnote]. |
| 650 ## - SUBJECT ADDED ENTRY--TOPICAL TERM | |
| Topical term or geographic name entry element | STRINGFELLOW V BLYTH |
| 650 ## - SUBJECT ADDED ENTRY--TOPICAL TERM | |
| Topical term or geographic name entry element | EXPERTS REPORTS |
| 650 ## - SUBJECT ADDED ENTRY--TOPICAL TERM | |
| Topical term or geographic name entry element | DAMAGES |
| 690 ## - LOCAL SUBJECT ADDED ENTRY--TOPICAL TERM (OCLC, RLIN) | |
| Topical term or geographic name as entry element | BUILDING AND CONSTRUCTION-CASE LAW |
| 942 ## - ADDED ENTRY ELEMENTS (KOHA) | |
| Suppress in OPAC | 0 |
| Withdrawn status | Lost status | Source of classification or shelving scheme | Damaged status | Not for loan | Home library | Current library | Shelving location | Date acquired | Total Checkouts | Full call number | Barcode | Date last seen | Copy number | Price effective from | Koha item type |
|---|---|---|---|---|---|---|---|---|---|---|---|---|---|---|---|
| Dewey Decimal Classification | London | London | Journal article | 25/11/2002 | X120557 | 120557-1001 | 06/08/2019 | 1 | 06/08/2019 | Law report |